00806 2200313 4500001002100000005001500021035002000036007000300056008004100059020002200100082001400122084002000136100002800156245006800184260004400252300003600296650002100332520002600353990001200379990001200391990001100403990001200414990001100426990001100437990001100448990001100459990001100470990001100481INLIS00000000000205020180709113038 a0010-0718000002ta180709 g 0 ind  a978-602-02-6000-6 a001.642 5 a001.642 5 KRI w0 aKRISTIAN, Agung Prastyo1 aWord 2013-Panduan Karya Tulis Ilmiah /cKristian Agung Prasetyo aJakarta :bElex Media Komputindo,c2015 aix, 197 hlm. :bilus. ;c21 cm. aPROGRAM KOMPUTER abibliografi: hlm. 197 a16713 a a16713 b a16713b a16713 a a16713a a16713b a16713b a16713a a16713a a16713b